Catálogo
 En Linea

Cabeza de motor : (Registro nro. 49923)

Detalles MARC
000 -CABECERA
campo de control de longitud fija 00665nam a22002177a 4500
003 - IDENTIFICADOR DEL NÚMERO DE CONTROL
campo de control DO-SdBNP
005 - FECHA Y HORA DE LA ÚLTIMA TRANSACCIÓN
campo de control 20211027154954.0
007 - CAMPO FIJO DE DESCRIPCIÓN FÍSICA--INFORMACIÓN GENERAL
campo de control de longitud fija ta
008 - DATOS DE LONGITUD FIJA--INFORMACIÓN GENERAL
campo de control de longitud fija 210615e2019 dr a|||er|||| 001 pdspa d
020 ## - NÚMERO INTERNACIONAL ESTÁNDAR DEL LIBRO
Número Internacional Estándar del Libro 9789945597882
040 ## - FUENTE DE LA CATALOGACIÓN
Centro catalogador/agencia de origen DO-SdBNP
Lengua de catalogación spa
Centro/agencia transcriptor BNPHU
082 #4 - NÚMERO DE LA CLASIFICACIÓN DECIMAL DEWEY
Número de edición 22
Número de documento/Ítem S961c
100 1# - ENTRADA PRINCIPAL--NOMBRE DE PERSONA
Nombre de persona Suriel Suazo, Hugo Rafael,
Fechas asociadas al nombre 1979 -
9 (RLIN) 78856
245 10 - MENCIÓN DE TÍTULO
Título Cabeza de motor :
Resto del título poemas /
Mención de responsabilidad, etc. Hugo Rafael Suriel Suazo ; cuidado de edición y prólogo Odalís G. Pérez
260 ## - PUBLICACIÓN, DISTRIBUCIÓN, ETC.
Lugar de publicación, distribución, etc. Santo Domingo:
Nombre del editor, distribuidor, etc. Amigo del Hogar,
Fecha de publicación, distribución, etc. 2019.
300 ## - DESCRIPCIÓN FÍSICA
Extensión 127 p. :
Otras características físicas il. ;
Dimensiones 23 cm.
590 ## - NOTA LOCAL (RLIN)
Nota local Inventariado, 2021/BT
700 1# - PUNTO DE ACCESO ADICIONAL--NOMBRE DE PERSONA
Código de función/relación G. Pérez, Odalís,
Término indicativo de función/relación ed.
910 ## - DATOS DE OPCIÓN DEL USUARIO (OCLC)
Datos de opción del usuario MF
942 ## - ELEMENTOS DE PUNTO DE ACCESO ADICIONAL (KOHA)
Fuente del sistema de clasificación o colocación Dewey Decimal Classification
Tipo de ítem Koha Libro
Existencias
Estado de retiro Estado de pérdida Fuente del sistema de clasificación o colocación Restricciones de uso No para préstamo Código de colección Localización permanente Ubicación/localización actual Ubicación en estantería Fuente de adquisición Total de préstamos Signatura topográfica completa Código de barras Fecha visto por última vez Precio válido a partir de Tipo de ítem Koha Fecha de adquisición Número de copia
    Dewey Decimal Classification Préstamo en sala   Dominicana de Servicio Biblioteca Nacional Pedro Henríquez Ureña Dominicana Depósito Depósito legal   BNPHU DS S961c 2021-2048 15.06.2021 15.06.2021 Libro y Folleto Colección Dominicana de Servicio 12.09.2019 e.3
    Dewey Decimal Classification Préstamo en sala   Dominicana de Servicio Biblioteca Nacional Pedro Henríquez Ureña Dominicana Extraviado Depósito Legal   BNPHU DS S961c 2021-27652 27.10.2021 27.10.2021 Libro y Folleto Colección Dominicana de Servicio 27.10.2021 e.4
    Dewey Decimal Classification Excluido de préstamo   Patrimonio Dominicano Biblioteca Nacional Pedro Henríquez Ureña Patrimonio Dominicano Depósito Depósito legal   BNPHU PD S961c 2021-2046 15.06.2021 15.06.2021 Libro y Folleto Colección Patrimonio Dominicano    
    Dewey Decimal Classification Excluido de préstamo   Patrimonio Dominicano Biblioteca Nacional Pedro Henríquez Ureña Patrimonio Dominicano Depósito Depósito legal   BNPHU PD S961c 2021-2047 15.06.2021 15.06.2021 Libro y Folleto Colección Patrimonio Dominicano 12.09.2019 e.2

Con tecnología Koha